000 00442nam a2200193Ia 4500
005 20240823032903.0
008 240823s9999||||xx |||||||||||||| ||und||
020 _a978-1-59714-103-1
041 _aENGLISH
082 _A779.479495 P9
100 _aDouglas Mcculloh
245 0 _aDream Street
250 _a1st
260 _c2009
_bInlandia Inst
500 _aYES
650 _aDream Street
_bGeneral
942 _cBK
999 _c194493
_d194493